00750nam a2200241Ia 450000500170000000800410001702000110005804000190006904100120008808200150010010000120011524500560012726000320018330000160021550400530023165000180028465100380030270000220034085000100036294200070037299900160037995201130039520230607131710.0131103s9999 xx 000 0 und d cRs. 80 aLoreto College aEnglish a808.3bKUN aKundera 4aThe Art of novelcKundera;translated by Linda Asher aNew DelhibRupa & Co.c1993 a[8],165 p.  aFirst published in French as L'Art Du Roman 1988 aLiterature -  aRhetoric - Novel - Art - Novel -  aAsher, Linda, tr. aLCLIB cBK c1628d52107 00102ddc4070aMAINbMAINd2013-11-04l1o808.3 KUN 38191pB2261r2022-11-01s2022-09-27w2013-11-04yBKf